Catálogo
 En Linea

Un radio del espíritu / (Registro nro. 31655)

Detalles MARC
000 -CABECERA
campo de control de longitud fija 00564nam a2200181 a 4500
001 - NÚMERO DE CONTROL
campo de control 000032164
005 - FECHA Y HORA DE LA ÚLTIMA TRANSACCIÓN
campo de control 20200930063502.0
008 - DATOS DE LONGITUD FIJA--INFORMACIÓN GENERAL
campo de control de longitud fija 110713s1942 dr 000 p spa d
040 ## - FUENTE DE LA CATALOGACIÓN
Centro catalogador/agencia de origen DO-SdBNP
Lengua de catalogación spa
Centro/agencia transcriptor BNPHU
082 ## - NÚMERO DE LA CLASIFICACIÓN DECIMAL DEWEY
Número de clasificación xxx
Número de documento/Ítem M843u
049 ## - FONDOS LOCALES (OCLC)
Fondos de biblioteca BNPD
100 1# - ENTRADA PRINCIPAL--NOMBRE DE PERSONA
Nombre de persona Moreno Jimenes, Domingo,
Fechas asociadas al nombre 1894-1986
9 (RLIN) 19534
245 10 - MENCIÓN DE TÍTULO
Título Un radio del espíritu /
Mención de responsabilidad, etc. Moreno Jimenes.
246 34 - FORMA VARIANTE DE TÍTULO
Título propio/Titulo breve Evangelio americano
260 ## - PUBLICACIÓN, DISTRIBUCIÓN, ETC.
Lugar de publicación, distribución, etc. Santiago de los Caballeros, República Domincana :
Nombre del editor, distribuidor, etc. Librería Dominicana,
Fecha de publicación, distribución, etc. 1942.
300 ## - DESCRIPCIÓN FÍSICA
Extensión [26] p. ;
Dimensiones 16 cm.
740 02 - PUNTO DE ACCESO ADICIONAL--TÍTULO RELACIONADO O ANALÍTICO NO CONTROLADO
Título relacionado o analítico no controlado Evangelio americano
Existencias
Estado de retiro Estado de pérdida Restricciones de uso No para préstamo Código de colección Localización permanente Ubicación/localización actual Ubicación en estantería Fecha de adquisición Número de inventario Total de préstamos Signatura topográfica completa Código de barras Fecha visto por última vez Precio válido a partir de Tipo de ítem Koha Nota pública Número de copia
      Excluido de préstamo Raros y valiosos Patrimonio Dominicano Patrimonio Dominicano En catalogación 13.07.2011 LF1   xxx M843u 32164-10 25.06.2020 25.06.2020 No se presta Perteneció a la biblioteca personal de Martínez Boog. Dedicado por el autor.  
      Excluido de préstamo Raros y valiosos Patrimonio Dominicano Patrimonio Dominicano En catalogación 13.07.2011 LF1   xxx M843u 32164-20 25.06.2020 25.06.2020 No se presta Perteneció a la biblioteca personal de Martínez Boog. Dedicado por el autor. e.2

Con tecnología Koha